000 00401nam a2200181Ia 4500
003 0100
008 130303s9999 xx 000 0 und d
040 _cARRUPELIB
050 _aBT175.S61996
100 _aSwinburne, Richard
245 _aIs there a God?
260 _aOxford
260 _bOxford University Press
260 _C1996
300 _avii
300 _b 144p. 20cm.
942 0 0 _04
999 _c18071
_d18071